| 000 | 01281nam a2200253 i 4500 | ||
|---|---|---|---|
| 001 | bg | ||
| 100 | 1 |
_aFURGAŁ, Jakub _d(1950- ) |
|
| 245 | 1 | 0 |
_aAnaliza narażeń przepięciowych izolacji transformatora chronionego iskiernikowymi i beziskiernikowymi ogranicznikami przepięć / _cJakub Furgał. |
| 246 | 1 | 1 | _aAnalysis of overvoltage risks of the insulation of a transformer protected by use of lightning end surge arresters |
| 260 |
_aKraków : _bAGH. Uczelniane Wydawnictwa Naukowo-Dydaktyczne, _c2003. |
||
| 300 |
_a157, [1] s. : _bil. ; _c24 cm. |
||
| 490 | 1 |
_aRozprawy, Monografie / [Akademia Górniczo-Hutnicza im. Stanisława Staszica w Krakowie] = _aDissertations, Monographs, _x0867-6631 ; _v118 |
|
| 500 | _aTyt. równol.: Analysis of overvoltage risks of the insulation of a transformer protected by use of lightning end surge arresters. - Streszcz. ang. | ||
| 504 | _aBibliogr. | ||
| 650 | 9 | _aIzolacje elektryczne | |
| 650 | 9 |
_aOgraniczniki przepięć _xstosowanie |
|
| 650 | 9 |
_aTransformatory _xbezpieczeństwo |
|
| 830 | 0 |
_aRozprawy, Monografie ([Akademia Górniczo-Hutnicza im. Stanisława Staszica w Krakowie]) ; _v118 |
|
| 040 | _cBPK | ||
| 041 | 0 |
_apol _beng |
|
| 080 | _a621.315/.316:621.314 | ||
| 942 | _cKS | ||
| 008 | s pl f |000 0 pol | ||
| 999 |
_c45633 _d45633 |
||
| 856 |
_uhttp://koha.tu.koszalin.pl/cgi-bin/koha/opac-detail.pl?biblionumber=45633 _yKatalog online BPK |
||